| 000 | 00000nas 2200000za 4500 |
| 001 | 9.810709 |
| 003 | CaOODSP |
| 005 | 20240311083919 |
| 007 | cr ||||||||||| |
| 008 | 160205d20132016qucar p o f0 a0eng|d |
| 022 | |a2369-940X |
| 040 | |aCaOODSP|beng |
| 043 | |an-cn--- |
| 086 | 1 |aEn81-26E-PDF |
| 222 | 0|aAir pollutant emission inventory report |
| 245 | 00|aAir pollutant emission inventory report |h[electronic resource]. |
| 260 | |a[Gatineau, QC] : |bEnvironment and Climate Change Canada, |c[2014-2018] |
| 310 | |aAnnual |
| 362 | 0 |a1990/2013-1990/2016. |
| 500 | |aIssued also in French under title: Inventaire des émissions de polluants atmosphériques. |
| 650 | 0|aAir|xPollution|zCanada|vStatistics|vPeriodicals. |
| 650 | 0|aAir quality|zCanada|vPeriodicals. |
| 650 | 0|aEnvironmental monitoring|zCanada|vPeriodicals. |
| 710 | 1 |aCanada. |bEnvironment and Climate Change Canada. |
| 775 | 08|tL'inventaire des émissions de polluants atmosphériques |w(CaOODSP)9.810710 |
| 785 | 00|tCanada’s air pollutant emissions inventory report. |w(CaOODSP)9.869731 |